| 000 | 00565nam a2200217Ia 4500 | ||
|---|---|---|---|
| 005 | 20221012124832.0 | ||
| 008 | 131103s9999 xx 000 0 und d | ||
| 020 | _a41640960709 | ||
| 040 | _aLoreto College | ||
| 041 | _aEnglish | ||
| 082 |
_a152.4 _bARG |
||
| 100 | _aArgyle, Michael | ||
| 245 | 4 |
_aThe Psychology of happiness _cMichael Argyle |
|
| 260 |
_aLondon _bMethuen & Co. _c1987c |
||
| 300 | _axv,256p | ||
| 504 | _aIncludes bibliographical references and index | ||
| 650 | _aHappiness | ||
| 651 | _aPsychology | ||
| 850 | _aLCLIB | ||
| 942 | _cBK | ||
| 999 |
_c19248 _d69727 |
||